Online Public Access Catalogue

MCQs' in Medical Sciences (Record no. 495)

MARC details
000 -LEADER
fixed length control field 00542nam a2200157Ia 4500
082 ## - DEWEY DECIMAL CLASSIFICATION NUMBER
Classification number 610.076
Author Mark GRO
100 ## - MAIN ENTRY--PERSONAL NAME
Author Name Grover, J. K.
245 #0 - TITLE STATEMENT
Title MCQs' in Medical Sciences
Subtitle Anesthesia, Medicine, Neurology, Psychiatry, Paediatrics, Medical Physics
250 ## - EDITION STATEMENT
Edition statement 1st
260 ## - PUBLICATION, DISTRIBUTION, ETC.
Place of publication, distribution, etc. New Delhi
Name of publisher, distributor, etc. Galgotia Publications
Date of publication, distribution, etc. 1990
300 ## - PHYSICAL DESCRIPTION
No of Pages 454p;
Dimensions 24cm
490 ## - Volume Statement
Volume 3
504 ## - BIBLIOGRAPHY, ETC. NOTE
Bibliography, Index, etc. note Including Index and Bibliography
650 ## - SUBJECT ADDED ENTRY--TOPICAL TERM
Subject Examination Questions
Keywords IMDC
-- Anesthesia
-- Medicine
-- Neurology
-- Psychiatry
-- Paediatrics
-- Medical Physics
942 ## - ADDED ENTRY ELEMENTS (KOHA)
Koha item type Books
Source of classification or shelving scheme
Holdings
Item status Home library Current library Shelving location Date acquired Total Checkouts Full call number Barcode Date last seen Koha item type
  Islamabad Medical and Dental College Islamabad Medical and Dental College Islamabad Medical and Dental College 16/03/2018   610.076 GRO 0497 16/03/2018 Books

Copyright @ IMDC Library
Islamabad Medical and Dental College
Bhara Kahu, Islamabad

  Contact the Librarian, IMDC
  Email:: library@imdcollege.edu.pk

  OPAC Customized by
  Mazhar Hussain,
  Librarian:
  Islamabad Medical and Dental College
  Email:: library@imdcollege.edu.pk